ARRUPE JESUIT UNIVERSITY

CORONAVIRUS -STOP THE SPREAD - CLEAN,DISINFECT,COVER

Jean-Jacques (Record no. 64018)

MARC details
000 -LEADER
fixed length control field 00672nam a2200241Ia 4500
003 - CONTROL NUMBER IDENTIFIER
control field 0100
008 - FIXED-LENGTH DATA ELEMENTS--GENERAL INFORMATION
fixed length control field 130303s9999 xx 000 0 und d
020 ## - INTERNATIONAL STANDARD BOOK NUMBER
International Standard Book Number 0140552324
040 ## - CATALOGING SOURCE
Transcribing agency ARRUPELIB
050 ## - LIBRARY OF CONGRESS CALL NUMBER
Classification number PQ20445.C7 1987
300 ## - PHYSICAL DESCRIPTION
Other physical details 20cm.
100 ## - MAIN ENTRY--PERSONAL NAME
Personal name Cranston, Maurice William
245 ## - TITLE STATEMENT
Title Jean-Jacques
245 ## - TITLE STATEMENT
Remainder of title the early life and work of Jean-Jacques Rousseau 1712-1754
260 ## - PUBLICATION, DISTRIBUTION, ETC. (IMPRINT)
Place of publication, distribution, etc Middlesex
260 ## - PUBLICATION, DISTRIBUTION, ETC. (IMPRINT)
Name of publisher, distributor, etc Penguin Books
260 ## - PUBLICATION, DISTRIBUTION, ETC. (IMPRINT)
-- 1987
300 ## - PHYSICAL DESCRIPTION
Extent 2v.
650 ## - SUBJECT ADDED ENTRY--TOPICAL TERM
Topical term following geographic name as entry element Stone-age-Zimbabwe-Matopo hills
650 ## - SUBJECT ADDED ENTRY--TOPICAL TERM
Location of event Hunting, prehistoric-Zimbabwe-Matopo hills
650 ## - SUBJECT ADDED ENTRY--TOPICAL TERM
Active dates Excavations(archaeology)-Zimbabwe-Matopo hills
942 ## - ADDED ENTRY ELEMENTS (KOHA)
Source of classification or shelving scheme Library of Congress Classification
Koha issues (borrowed), all copies 1
Holdings
Withdrawn status Lost status Source of classification or shelving scheme Damaged status Not for loan Collection code Home library Current library Date acquired Total Checkouts Full call number Barcode Date last seen Copy number Price effective from Koha item type Shelving location Date checked out
    Library of Congress Classification     Main Collection ARRUPE LIBRARY ARRUPE LIBRARY 05/03/2013   PQ2045.C7 1987 46003097337 26/03/2019 1 05/03/2013 Monograph ( Printed materials)    
    Library of Congress Classification     Main Collection ARRUPE LIBRARY ARRUPE LIBRARY 05/03/2013 1 PQ2045.C7 1987 46003097860 26/03/2019 2 05/03/2013 Monograph ( Printed materials)   25/10/2013

 

Arrupe Library. PO Box MP320 Mt Pleasant, Harare, Zimbabwe
263 242 745411|librarian@aju.ac.zw